Faculty of Law Library — Cairo University

Official Online Catalog

Dictionnaire pratique, français-arabe, droit, commerce, finances, suivi d'un vocabulaire arabe-français (Record no. 75081)

MARC details
000 -LEADER
fixed length control field 01181nam a2200301 4500
003 - CONTROL NUMBER IDENTIFIER
control field EG-GICUC
005 - DATE AND TIME OF LATEST TRANSACTION
control field 20260504074702.0
008 - FIXED-LENGTH DATA ELEMENTS--GENERAL INFORMATION
fixed length control field 260503b1960 fr|||||| |||| 00| 0 fre d
040 ## - CATALOGING SOURCE
Original cataloging agency EG-GiCUC
Language of cataloging fre
Transcribing agency EG-GiCUC
Modifying agency EG-GiCUC
Description conventions Rda
043 ## - GEOGRAPHIC AREA CODE
Geographic area code f-ua---
082 04 - DEWEY DECIMAL CLASSIFICATION NUMBER
Edition number 21
Classification number 343.03
092 04 - LOCALLY ASSIGNED DEWEY CALL NUMBER (OCLC)
Edition number 21
099 ## - LOCAL FREE-TEXT CALL NUMBER (OCLC)
Classification number Law1 10 343.03 Ch.D 1960
100 1# - MAIN ENTRY--PERSONAL NAME
Personal name Youssef Chlala
245 10 - TITLE STATEMENT
Title Dictionnaire pratique, français-arabe, droit, commerce, finances, suivi d'un vocabulaire arabe-français
Statement of responsibility, etc. Farid Fahmy, Youssef Chlala
264 ## - PRODUCTION, PUBLICATION, DISTRIBUTION, MANUFACTURE, AND COPYRIGHT NOTICE
Place of production, publication, distribution, manufacture Alexandrie:
Name of producer, publisher, distributor, manufacturer Établissement al-Maaref,
Date of production, publication, distribution, manufacture, or copyright notice [1960?].
300 ## - PHYSICAL DESCRIPTION
Extent 1118, 163 page :
Dimensions 24 cm.
336 ## - CONTENT TYPE
Source rda contenu
Content type term texte
337 ## - MEDIA TYPE
Source rda medias
Media type term Ordinateur
338 ## - CARRIER TYPE
Source transporteur rda
Carrier type term Ressource en ligne
500 ## - GENERAL NOTE
General note المعجم العملي : للمصطلحات القانونية والتجارية والمالية، فرنسي-عربي، عربي-فرنسي / تأليف يوسف شلاله [و] فريد فهمي.<br/>
650 14 - SUBJECT ADDED ENTRY--TOPICAL TERM
Topical term or geographic name entry element Sciences Criminelles
Source of heading or term qrmak
651 1# - SUBJECT ADDED ENTRY--GEOGRAPHIC NAME
Source of heading or term qrmak
700 1# - ADDED ENTRY--PERSONAL NAME
Personal name Farid Fahmy
856 40 - ELECTRONIC LOCATION AND ACCESS
Uniform Resource Identifier <a href="https://fll.law.cu.edu.eg/fulltext/bks/B10-033989.pdf">https://fll.law.cu.edu.eg/fulltext/bks/B10-033989.pdf</a>
905 ## - Cataloger and Reviser Names
Cataloger Name: Radwa
942 ## - ADDED ENTRY ELEMENTS (KOHA)
Source of classification or shelving scheme Dewey Decimal Classification
Suppress in OPAC No
Koha item type Books
Edition 21
Holdings
Withdrawn status Lost status Source of classification or shelving scheme Damaged status Not for loan Collection Home library Current library Date acquired Total checkouts Full call number Barcode Date last seen Price effective from Koha item type
    Dewey Decimal Classification   Not for loan القانون الجنائي جــــامعة القــاهرة مكتبة كلية الحقوق - المبنى الرئيسي 03.05.2026   Law1 10 343.03 Ch.D 1960 1003989 C1 B10-03989 03.05.2026 03.05.2026 Books

© All rights reserved — Faculty of Law, Cairo University